Reviews in fisheries science

Bibliographic Details
New Title:Reviews in fisheries science & aquaculture
Format: Electronic Journal
Language:English
Published: [Boca Raton, FL] : CRC Press, ©1993-[2013]
[Philadelphia, PA] : Taylor and Francis
Subjects:
Online Access:Full text available from Research Library: 03/01/2003 to 01/31/2007

MARC

LEADER 00000nas a22000007a 4500
001 ssj0007509
003 WaSeSS
005 20200512172242.0
006 m d
007 cr n
008 990217d19932013pauqr pss 0 a0eng c
010 |a  2004214432 
016 7 |a 013361416  |2 Uk 
022 |a 1547-6553  |l 1064-1262  |y 1064-1262 
035 |a (WaSeSS)ssj0007509 
037 |b Taylor and Francis, Inc., 325 Chestnut Street, Ste.800, Philadelphia, PA 19106 
040 |a F#A  |b eng  |c F#A  |d OCL  |d OCLCQ  |d NSD  |d OCLCQ  |d UKMGB  |d OCLCQ  |d OCLCO  |d OCLCQ  |d OCLCF  |d TXA  |d DLC  |d OCLCO  |d VT2  |d AGL  |d OCLCQ  |d WT2  |d OCLCQ  |d AU@  |d OCLCQ  |d WaSeSS 
042 |a nsdp  |a pcc 
050 4 |a SH1  |b .R425 
070 0 |a SH1  |b .R425 
082 1 0 |a 639  |2 13 
130 0 |a Reviews in fisheries science (Online) 
222 0 |a Reviews in fisheries science  |b (Online) 
245 1 0 |a Reviews in fisheries science  |h [electronic resource]. 
260 |3 1993-2002 :  |a [Boca Raton, FL] :  |b CRC Press,  |c ©1993-[2013] 
260 3 |3 2003-2013 :  |a [Philadelphia, PA] :  |b Taylor and Francis 
310 |a Quarterly 
362 1 |a Began with: Vol. 1, issue 1, published in 1993; ceased with: Vol. 21 (3/4) (2013). 
506 |a License restrictions may limit access. 
515 |a Some issues published in combined form. 
538 |a Mode of access: World Wide Web. 
588 0 |a 1 (1) (1993); title from PDF article header (Taylor & Francis, viewed Oct. 6, 2014). 
588 1 |a Vol. 21 (3/4) (2013) (Taylor & Francis, viewed Oct. 6, 2014). 
650 0 |a Fisheries  |v Periodicals. 
650 0 |a Fisheries  |x Research  |v Periodicals. 
650 0 |a Fisheries  |v Bibliography  |v Periodicals. 
650 7 |a Fisheries.  |2 fast  |0 (OCoLC)fst00926051 
650 7 |a Fisheries  |x Research.  |2 fast  |0 (OCoLC)fst00926125 
655 0 |a Electronic journals. 
776 0 8 |i Print version:  |t Reviews in fisheries science  |x 1064-1262  |w (DLC) 93640095  |w (OCoLC)26210450 
785 0 0 |t Reviews in fisheries science & aquaculture  |x 2330-8257  |w (DLC) 2013203274  |w (OCoLC)857504674 
856 4 0 |z Full text available from Research Library: 03/01/2003 to 01/31/2007  |u https://search.proquest.com/publication/44720